书目信息 |
| 题名: |
上海人在东京
|
|
| 作者: | 张弘 , 富敏 编著 | |
| 分册: | ||
| 出版信息: | 上海 上海远东出版社 1996 |
|
| 页数: | 414页 | |
| 开本: | 20cm | |
| 丛书名: | ||
| 单 册: | ||
| 中图分类: | I235.27 , I267 | |
| 科图分类: | ||
| 主题词: | 电视剧本--中国--现代 , 杂文--中国--现代--选集 | |
| 电子资源: | ||
| ISBN: | 978-7-80613-256-2 | |
| 000 | 00961nam0 2200301 450 | |
| 001 | 0100536493 | |
| 005 | 20100903090435.0 | |
| 010 | @a978-7-80613-256-2@dCNY15.80 | |
| 100 | @a20021005d1996 em y0chiy0110 ea | |
| 101 | 0 | @achi |
| 102 | @aCN@b310000 | |
| 105 | @af zr 000by | |
| 106 | @ar | |
| 200 | 1 | @a上海人在东京@9Shang Hai Ren Zai Dong Jing @e导演手记·剧本集锦@f张弘,富敏编著@b专著 |
| 210 | @a上海@c上海远东出版社@d1996 | |
| 215 | @a414页@c照片@d20cm | |
| 300 | @a英文题名:Shanghainese in Tokyo | |
| 304 | @a张弘(1941~ ),北京人,上海电视台电视剧导演 | |
| 304 | @a富敏(1943~ ),女,北京人,上海电视台电视剧制片人兼导演 | |
| 510 | 1 | @aShanghainese in Tokyo@zeng |
| 606 | 0 | @a电视剧本@y中国@z现代 |
| 606 | 0 | @a杂文@y中国@z现代@x选集 |
| 690 | @aI235.27@v3 | |
| 690 | @aI267@v3 | |
| 701 | 0 | @a张弘@9zhang hong@4编著 |
| 701 | 0 | @a富敏@f(1943~)@9fu min@4编著 |
| 801 | 0 | @aCN@bAiZhiMarc@c19960720 |
| 905 | @aBZT@dI235.27@e5@f3@sI235.27/5 | |
| 上海人在东京:导演手记·剧本集锦/张弘,富敏编著.-上海:上海远东出版社,1996 |
| 414页:照片;20cm |
| 英文题名:Shanghainese in Tokyo |
| ISBN 978-7-80613-256-2:CNY15.80 |
| ● |
| 相关链接 |
|
|
|
正题名:上海人在东京
索取号:I235.27/5
 
预约/预借
| 序号 | 登录号 | 条形码 | 馆藏地/架位号 | 状态 | 备注 |
| 1 | 2000040036 | 2000040036 | 旧书回溯/ [索取号:I235.27/5] | 在馆 | |
| 2 | 2000040037 | 2000040037 | 旧书回溯/ [索取号:I235.27/5] | 在馆 | |
| 3 | 2000124000 | 2000124000 | 旧书回溯/ [索取号:I235.27/5] | 在馆 |